000
00301nam a22001337a 4500
008
180925b xxu||||| |||| 00| 0 eng d
020
_a
136852890
041
_a
eng
080
_a
616.073
100
_a
6
101
_a
gen
245
_a
Pp[ulation Genetics Evolution
_c
Mettler.L.E
942
_2
udc
_c
BK
999
_c
48422
_d
48422